000 00580cam a2200241 4500
001 0860175421
008 000000n2000 000 0 eng u
035 _a(Sirsi) u109408
050 _a627.86
100 _aHughes, A.
245 _aRisk management for UK reservoirs
260 _aLondon
_bCIRIA
_c2000
300 _a213p. ; 30cm.
350 _a40.00
650 _aRESERVOIRS
650 _aDAMS
650 _aEMBANKMENTS
650 _aFLOODS
650 _aRISK ASSESSMENT
690 _aENVIRONMENTAL AND LAND CONSULTANCY
700 _aHewlett, H
942 _n0
999 _c100934
_d100934